FIFA 23 TOTW 14 - Statistics

General Stats
  • This quiz has been taken 3 times
  • The average score is 5 of 23
Answer Stats
rat pos club player % Correct
TOTW Starter 87 RW Sassuolo Dominico Berardi
100%
TOTW Starter 88 ST Inter Milan Lautaro Martínez
100%
TOTW Starter 88 CAM RB Leipzig Dani Olmo
33%
TOTW Starter 84 CB OGC Nice Dante
33%
TOTW Starter 85 ST Fenerbahçe Enner Valencia
33%
TOTW Starter 88 CAM Borussia Monchengladbach Jonas Hofmann
33%
TOTW Reserve 83 CF Mainz 05 Karim Onisiwo
33%
TOTW Reserve 86 CM Lazio Luis Alberto
33%
TOTW Starter 85 CB SC Freiburg Matthias Ginter
33%
TOTW Reserve 83 CM VfL Wolfsburg Mattias Svanberg
33%
TOTW Reserve 83 GK AC Monza Michele Di Gregorio
33%
TOTW Reserve 83 RM Bologna Riccardo Orsolini
33%
TOTW Starter 85 GK Real Sociedad Álex Remiro
0%
TOTW Reserve 81 ST FC Utrecht Anastasios Douvikas
0%
TOTW Starter 83 CB Real Betis Germán Pezzella
0%
TOTW Reserve 79 CF FC Goa Iker Guarrotxena
0%
TOTW Reserve 79 GK Zagłębie Lubin Jasmin Burić
0%
TOTW Reserve 77 CM Hibernian Josh Campbell
0%
TOTW Reserve 83 RWB RC Lens Przemysław Frankowski
0%
TOTW Starter 87 RM Atlético Madrid Rodrigo De Paul
0%
TOTW Starter 88 LM Montpellier Stephy Mavididi
0%
TOTW Reserve 82 LB Young Boys Ulisses Garcia
0%
TOTW Reserve 83 ST AZ Alkmaar Vangelis Pavlidis
0%
No matching quizzes found
Score Distribution
Percent of People with Each Score
Percentile by Number Answered
Your Score History
You have not taken this quiz